MDQL
is popping MORE tags! Check the
thread
!
Quizzes
Events
Quiz Creation
Community
Videos
Private Events
Remove Ads
Sign In
Join for FREE
Feedback
Dark Mode
Quiz Categories
Sports
Geography
Music
Movies
Television
Just For Fun
Miscellaneous
History
Literature
Language
Science
Gaming
Entertainment
Religion
Holiday
For Kids
Quiz Lab
Recent
Popular Today
Quiz Kudos Today
Editor Picks
Curator Picks
Quizzes by...
Day
Popularity
Type
Ratings
Length
Year
Community
Subscriptions
Recent Discussions
Orange Saloon
Badges
Playlists
Quests
Create
Leaderboards
Showdown
Live 5
Trivia Bingo
Activity
Puzzle Library
Sporcle Events
Private Events
Virtual Trivia
Globe League
Become a Host
Pub Owners
SporcleCon
Opinionation
Our Games
Videos
Blog
Mobile Apps
Partnerships
Remove Ads and Go Orange
Feedback
Sports
Athletes
MLB
NBA
NHL
NFL
Soccer
Sports Teams
WWE
NCAA
Football
Premier League
Basketball
Baseball
Hockey
Golf
Tennis
Cricket
Rugby
Auto Racing
Olympics
World Cup
Sports
Athletes
MLB
NBA
NHL
NFL
Soccer
Sports Teams
WWE
NCAA
Football
Premier League
Basketball
Baseball
Hockey
Golf
Tennis
Cricket
Rugby
Auto Racing
Olympics
World Cup
Random Quiz
Search Sporcle
×
Quiz Lab
Quiz Lab
Sports
Baseball
Type in answers that appear in a list
Type in answers that appear in a list
Classic
Best Score? Go Orange.
MLB Team by Double-A Affiliate Stats
Can you name the MLB Team by Double-A Affiliate?
By
BlaCkhaWkD0wn17
4m
30 Questions
55 Plays
55 Plays
55 Plays
Comments
Comments
Give Quiz Kudos
Give Quiz Kudos
-
- Ratings
hide this ad
More Info
Forced Order
Answers have to be entered in order
Answers have to be entered in order
Random Order
Randomize order of answers
Randomize order of answers
Replay
Link that replays current quiz
Next Quiz
Link to next quiz in quiz playlist
You Got
0%
They Got
Avg Score
40%
Avg Friend Score
Upgrade to see
Score Distribution
Jump to the score distribution portion of the page
Score
0/30
Timer
04:00
0
Plays Today
AA Team
MLB Team
% Correct
Harrisburg Senators
Washington Nationals
72.7%
Reading _
_
_
_
_
_
_
_
Philadelphia Phillies
67.3%
Birmingham Barons
Chicago White Sox
65.5%
Mississippi _
_
_
_
_
_
Atlanta Braves
65.5%
Trenton Thunder
New York Yankees
63.6%
Portland Sea Dogs
Boston Red Sox
60%
Corpus Christi Hooks
Houston Astros
54.5%
Binghamton _
_
_
_
New York Mets
52.7%
Montgomery Biscuits
Tampa Bay Rays
52.7%
Jacksonville Suns
Miami Marlins
49.1%
Akron Aeros
Cleveland Indians
47.3%
Springfield _
_
_
_
_
_
_
_
_
St. Louis Cardinals
47.3%
Altoona Curve
Pittsburgh Pirates
43.6%
Erie SeaWolves
Detroit Tigers
41.8%
Bowie Baysox
Baltimore Orioles
40%
AA Team
MLB Team
% Correct
Tennessee Smokies
Chicago Cubs
40%
Frisco RoughRiders
Texas Rangers
40%
New Hampshire Fisher Cats
Toronto Blue Jays
38.2%
Northwest Arkansas Naturals
Kansas City Royals
32.7%
New Britain Rock Cats
Minnesota Twins
29.1%
Pensacola Blue Wahoos
Cincinnati Reds
29.1%
Tulsa Drillers
Colorado Rockies
29.1%
San Antonio Missions
San Diego Padres
27.3%
Richmond Flying Squirrels
San Francisco Giants
23.6%
Huntsville Stars
Milwaukee Brewers
21.8%
Arkansas Travelers
Los Angeles Angels of Anaheim
21.8%
Midland Rockhounds
Oakland Athletics
20%
Mobile BayBears
Arizona Diamondbacks
18.2%
Jackson Generals
Seattle Mariners
14.5%
Chattanooga Lookouts
Los Angeles Dodgers
10.9%
Quiz Playlist
Details
Report
Send in Message
Add To Playlist
More Info:
Teams with same nickname as MLB affiliate have only location as hint
Classic:
Type in answers that appear in a list
Forced Order:
Answers have to be entered in order
Random Order:
Randomize order of answers
Last Updated: Feb 16, 2017
Quiz Scoreboard
CHALLENGE
Sign Up to Join the Scoreboard
Show All
Scores
Hide
Comments
May contain spoilers
Recently Published
Image Sorting: Flags VI
by Barbecue
Geography
2m
Find the 'City' Movie
by crazypaving
Movies
60s
Colored Red Africa Blitz
by spor1
Geography
45s
More to Explore
Quiz From the Vault
Featured Blog Post
14 Easter Pick-up Lines to Find Eggs With
hide this ad
You Might Also Like...
Tags
Baseball Quiz
AA Baseball
Minor League
Today's Top Quizzes in Sports
Browse Sports
hide this ad
Today's Top Quizzes in Baseball
Browse Baseball
Top Contributed Quizzes in Sports
1
Les meilleurs buteurs des matchs entre le PSG et l’OM
2
Les entraîneurs de l'OM et du PSG au 21e siècle
3
Les joueurs passés par le PSG et l'OM
4
2022 World Cup Stars
5
Players with Multiple 50 Home Run Seasons
6
Criteria MLB: Left Handed Sluggers
7
Les joueurs passés par le LOSC et le RC Lens
8
NBA Logic Puzzle 2.0
9
MLB Players with Two .350 Batting Average Seasons
10
FIFA Club World Cup Champions
Explore More
Trending Topics
Crossword
Harry Potter
Marvel
Disney
Kpop
Anime
NBA
Country
The Office
Puzzle
Song
Pokémon
WWE
Soccer
NFL
hide this ad
More By:
BlaCkhaWkD0wn17
Quiz
Plays
Rating
Category
Featured
Created
83 overall, NHL10
202
2.50
Sports
Jun 15, 2010
Name the NFL #1 Pick by Stats
131
5.00
Sports
Jun 13, 2013
MLB Team by Double-A Affiliate
55
5.00
Sports
Mar 5, 2012
Team in Round Equal or Less Than Their Seed (2000-Now)
26
Sports
Mar 18, 2018
Go to Creator's Profile
Score Distribution
Quiz Creator Spotlight
BlaCkhaWkD0wn17
Follow
Send a Message
Quizzes Created
-
Created Quiz Play Count
-
More By This Creator
Popular Quizzes Today
1
Colored Red Africa Blitz
2
Find the US States - No Outlines Minefield
3
Find the 'City' Movie
4
5x2 Blitz: Bands
5
The Countries of the World
6
Find the US States
7
Find the Countries of Europe - No Outlines Minefield
8
US States
More Sports Quizzes
Sports - Country of Origin
Quiz Lab
Trending Quizzes
Colored Red Europe Blitz I
Colored Red Europe Blitz II
Colored Red Africa Blitz II
Colored Red Europe Blitz III
Colored Red Africa Blitz III
Recently Updated
How Do You Spell That?
pecheneg
Godzilla Movies
pecheneg
Grab Bag: 4-10 Letters
pecheneg
2024 March Madness Bracket
pecheneg
Famous TV Couples
Peacemaker
Champions League XIs: Real Madrid
pecheneg
Largest US Cities 1790-2010
pecheneg
Rides in Walt Disney World
pecheneg
Most Oscar Losses (Acting)
pecheneg
Beyoncé Albums
pecheneg
Trending Topics
Anime
Crossword
Disney
NBA
Kpop
Marvel
Harry Potter
Soccer
Pokémon
Song
NFL
Puzzle
WWE
The Office
Country
Your Account Isn't Verified!
In order to create a playlist on Sporcle, you need to verify the email address you used during registration. Go to your
Sporcle Settings
to finish the process.
Report this User
Report this user for behavior that violates our
Community Guidelines
.
Details:
Send Report
Go to the Sporcle.com Mobile Site →
Comments